Pulsioni /

में बचाया:
ग्रंथसूची विवरण
मुख्य लेखक: Vitale, Divina
स्वरूप: पुस्तक
भाषा:इतालवी
प्रकाशित: Cecina : Europolis editing, c2010
श्रृंखला:I libri della mongolfiera
टैग: टैग जोड़ें
कोई टैग नहीं, इस रिकॉर्ड को टैग करने वाले पहले व्यक्ति बनें!

MARC

LEADER 00000nam a22000007i 4500
001 IT\ICCU\LIA\0953661
003 ItRI
005 20241224131418.0
008 110312s2010 it |||||| ||||| |||||c
020 |a 9788887977295 
040 |b ita  |c ARCIGAY RIMINI 
041 7 |a ita  |2 ISO-639-2 
100 1 |a Vitale, Divina  |0 IT\ICCU\TO0V\632520 
245 1 0 |a Pulsioni /  |c Divina Vitale. 
260 |a Cecina :  |b Europolis editing,  |c c2010 
300 |a 148 p. ;  |c 21 cm. 
830 2 |a I libri della mongolfiera  |0 IT\ICCU\LIA\0951417 
942 |2 ddc  |c BK 
952 |0 0  |1 0  |2 ddc  |4 0  |6 853_009000000000000_VIT_PUL  |7 1  |9 2374  |a RN  |b RN  |d 2024-12-24  |l 0  |o 853.009 VIT PUL  |p 9827  |r 2024-12-24 13:18:52  |w 2024-12-24  |y BK 
981 1 |6 z01  |a i   |b xxxe  
982 1 |6 z01  |a n 
999 |c 2073  |d 2073